| 000 | 00467nam a22001697a 4500 | ||
|---|---|---|---|
| 003 | OSt | ||
| 005 | 20181001065020.0 | ||
| 008 | 180309b xxu||||| |||| 00| 0 spa d | ||
| 020 | _a8474442516 | ||
| 040 | _cPJ | ||
| 100 |
_981 _aPattaro, Enrico |
||
| 245 | 1 | 0 |
_aElementos para una teorĂa del derecho / _cEnrico Pattaro. |
| 260 |
_aMadrid : _bDebate, _c1985. |
||
| 300 | _a311 p. ; | ||
| 650 | 0 |
_aTEORIA GENERAL DEL DERECHO _9214 |
|
| 942 |
_2udc _cLIB _h340.11 _iPAT |
||
| 999 |
_c75 _d75 |
||